000 00709nam a22002057a 4500
003 OSt
005 20260302234915.0
008 260204b |||||||| |||| 00| 0 eng d
020 _a9781588165497
040 _aDWCL-Main Lib
_cOC
082 _aCirc. 641.813 G646 2007
110 _aGOOD HOUSEKEEPING
_eCorporate Author SUBJECTS Subjects Soups. Stews. NOTES Notes Includes bibliographical references and index.
245 _aGood housekeeping : soups & stews /
260 _aNew York :
_b Hearst Books,
_cc2007
300 _a240 pages :
_bcolor illustrations ;
_c25 cm.
504 _a1. Includes bibliographical references and index.
650 _aSoups.
650 _aStews.
942 _2ddc
_cGR
_mGR.
_n0
999 _c8264
_d8264